| 000 | 01306nam a2200337Ia 4500 | ||
|---|---|---|---|
| 001 | ebr10296519 | ||
| 003 | CaPaEBR | ||
| 006 | m u | ||
| 007 | cr cn||||||||| | ||
| 008 | 080726s2009 njua sb 001 0 eng d | ||
| 010 | _z 2008033316 | ||
| 020 | _z047014114X (pbk.) | ||
| 020 | _z9780470141144 (pbk.) | ||
| 040 |
_aCaPaEBR _cCaPaEBR |
||
| 035 | _a(OCoLC)352907562 | ||
| 050 | 1 | 4 |
_aQA279.5 _b.N89 2009eb |
| 082 | 0 | 4 |
_a519.5/42 _222 |
| 100 | 1 |
_aNtzoufras, Ioannis, _d1973- |
|
| 245 | 1 | 0 |
_aBayesian modeling using WinBUGS _h[electronic resource] / _cIoannis Ntzoufras. |
| 260 |
_aHoboken, N.J. : _bWiley, _cc2009. |
||
| 300 |
_axxiii, 492 p. : _bill. |
||
| 490 | 1 | _aWiley series in computational statistics | |
| 504 | _aIncludes bibliographical references (p. 469-484) and index. | ||
| 533 |
_aElectronic reproduction. _bPalo Alto, Calif. : _cebrary, _d2011. _nAvailable via World Wide Web. _nAccess may be limited to ebrary affiliated libraries. |
||
| 630 | 0 | 0 | _aWinBUGS. |
| 650 | 0 | _aBayesian statistical decision theory. | |
| 655 | 7 |
_aElectronic books. _2local |
|
| 710 | 2 | _aebrary, Inc. | |
| 830 | 0 | _aWiley series in computational statistics. | |
| 856 | 4 | 0 |
_uhttp://site.ebrary.com/lib/rucke/Doc?id=10296519 _zAn electronic book accessible through the World Wide Web; click to view |
| 999 |
_c77350 _d77350 |
||